World banks should support international valuation standards (Record no. 67249)

MARC details
000 -LEADER
fixed length control field 01056cam a2200229 4500
001 - CONTROL NUMBER
control field WB3722-23
008 - FIXED-LENGTH DATA ELEMENTS--GENERAL INFORMATION
fixed length control field 000000n2001 000 0 eng u
035 ## - SYSTEM CONTROL NUMBER
System control number (Sirsi) u112963
245 ## - TITLE STATEMENT
Title World banks should support international valuation standards
260 ## - PUBLICATION, DISTRIBUTION, ETC.
Date of publication, distribution, etc. 2001
490 ## - SERIES STATEMENT
Series statement RICS Press Release
Volume/sequential designation (pr074) 31 May 2001, (8)
520 ## - SUMMARY, ETC.
Summary, etc. RICS urges world banks to adopt the international valuation standards of the property profession where property is used as collateral to bank lending. RICS has made a number of recommendations to the Basel Committee on Banking Supervision (BCBS) which is currently consulting on a New Basel Capital Accord (NBCA); this will be the basis on which major bank lending will be undertaken in the future.
590 ## - LOCAL NOTE (RLIN)
Local note WB
650 ## - SUBJECT ADDED ENTRY--TOPICAL TERM
Topical term or geographic name entry element BASEL ACCORD
650 ## - SUBJECT ADDED ENTRY--TOPICAL TERM
Topical term or geographic name entry element BASEL COMMITTEE ON BANKING SUPERVISION
650 ## - SUBJECT ADDED ENTRY--TOPICAL TERM
Topical term or geographic name entry element NEW BASEL CAPITAL ACCORD
650 ## - SUBJECT ADDED ENTRY--TOPICAL TERM
Topical term or geographic name entry element CONSULTATION
650 ## - SUBJECT ADDED ENTRY--TOPICAL TERM
Topical term or geographic name entry element VALUATION STANDARDS
650 ## - SUBJECT ADDED ENTRY--TOPICAL TERM
Topical term or geographic name entry element PROPERTY INDUSTRY
690 ## - LOCAL SUBJECT ADDED ENTRY--TOPICAL TERM (OCLC, RLIN)
Topical term or geographic name as entry element PROPERTY-PROPERTY APPRAISAL AND VALUATION
942 ## - ADDED ENTRY ELEMENTS (KOHA)
Suppress in OPAC 0
Holdings
Withdrawn status Lost status Source of classification or shelving scheme Damaged status Not for loan Home library Current library Shelving location Date acquired Total Checkouts Full call number Barcode Date last seen Copy number Price effective from Koha item type
    Dewey Decimal Classification     London London News article 05/06/2001   WB3722-23 112963-1001 06/08/2019 1 06/08/2019 News article